| 000 | 00778nam a2200181Ia 4500 | ||
|---|---|---|---|
| 008 | 090124s9999 xx 000 0 und d | ||
| 082 | _b8943 | ||
| 100 | _aकोलते विष्णु भिकाजी | ||
| 245 | _a प्राचीन मराठी माहित्य संशोधन | ||
| 250 | _a0 | ||
| 260 |
_bश्रीलेखन वाचन भांडार पुणे _c1968 |
||
| 300 | _a229 | ||
| 600 | _aकोलते विष्णु भिकाजी | ||
| 630 | _a प्राचीन मराठी माहित्य संशोधन | ||
| 700 | _aकोलते विष्णु भिकाजी | ||
| 730 | _a प्राचीन मराठी माहित्य संशोधन | ||
| 942 | _cBOOK | ||
| 999 |
_c86548 _d86548 |
||